=LDR 00000nam 2200000 4500 =001 INLIS000000000042840 =005 20231103074526 =035 ##$$a 0010-101300000000762 =008 231103################g##########0#ind## =041 ##$$a Ind =082 ##$$a 616.7 =090 ##$$a 616.7, Lyn p =100 ##$$a A.Lynn Millar =245 1#$$a Program olahraga : Artritis : $b Panduan untuk gerakan yang bebas nyeri /$c A. Lynn Mi'llar; alih bahasa, Evi Janu Kusumawati =260 ##$$a Yogyakarta :$b Human Kinetics,$c 2013 =300 ##$$a xiv, 189 hlm., : $b ilus, ; $c 30 cm =650 #4$$a Atritis =850 ##$$a NBPNMAT =710 #$$a Evi Janu Kusumawati =084 ##$$a 616.7 A.Ln p =990 ##$$a 01201807042 =990 ##$$a 12511251 =990 ##$$a 21302175 =990 ##$$a 01201807042